| 000 | 00894nam2a22002411 4500 | ||
|---|---|---|---|
| 001 | RU\NLR\INFOCOMM55\1000022637 | ||
| 005 | 20250617045846.0 | ||
| 035 | _a(NLR Aleph) 002465269 | ||
| 090 |
_a2288888 _c2288888 |
||
| 100 | _a20040402d2000 |||y0rusy50 ca | ||
| 101 | 0 | _arus | |
| 102 | _aRU | ||
| 105 | _ay ||||||||| | ||
| 200 | 0 | _aВып.2 | |
| 210 |
_d2000 _aБ. м. |
||
| 461 | 0 |
_1001RU\NLR\INFOCOMM55\1000022635 _12001#$aКоркина слобода$eИст.-краевед. альм.$fАдминистрация г. Ишима и др.$vВып.2 _92288874 _cИшим _d1999 - _fАдминистрация г. Ишима и др. _nИзд-во ИГПИ _oИст.-краевед. альм. _tКоркина слобода _vВып.2 |
|
| 801 | 1 |
_aRU _bInfoComm _c20040402 |
|
| 801 | 0 |
_aRU _bNLR _gPSBO |
|
| 852 |
_aNLR _jП23/5009 |
||
| 942 | _cISSUE | ||
| 980 | _aNB | ||
| 980 | _aRUSPER | ||